Siècles œuvres - Concours École du Louvre - Statistiques

Statistiques générales
  • Ce quiz a été pris 17 fois
  • Le résultat moyen est 24 sur 34
Statistiques - réponses
Oeuvres Siècle % Correct
4- Torque celte -Ve / -Ie
83%
6- Statue équestre de Marc Aurèle IIe
75%
3- Fresque de la tombe du plongeur -Ve
75%
1- Sculpture en bas-relief -VIe
75%
2- Cratère de Vix -VIe
75%
21- El Tres de mayo de 1808, en Madrid - Francisco de Goya XIXe
75%
22- Psyché enlevée par les Zéphirs - Mery-Joseph Blondel et Louis Laffite XIXe
75%
23- The Yatman cabinet - William Burges XIXe
75%
24- Vélocipède à corps ondulé - Pierre et Ernest Michaux XIXe
75%
25- Synagogue de Besançon - Pierre Marnotte XIXe
75%
26- L’Asperge - Manet XIXe
75%
27- Danse Serpentine - Loïe Fuller XIXe
75%
28- Robe d’intérieur ou Tea-gown - Charles Frederick Worth XIXe
75%
29- Masque d’esprit Hudoq XXe
75%
30- La Grande Pénélope - Bourdelle XXe
75%
31- Jeune Fille en vert - Tamara de Lempicka XXe
75%
32- Maison Louis Carré - Alvar Aalto XXe
75%
33- Bar aux Autruches - Les Lalannes XXe
75%
5- Grand Stupa de Sânchî -Ie
67%
8- Bible de Vivien, dite Première Bible de Charles le Chauve IXe
67%
7- Le Christ et l’abbé Ména VIIIe
67%
14- Homme au béret noir portant une paire de gants - Corneille de Lyon XVIe
67%
15- Mercure - Jean de Bologne XVIe / XVIIIe
67%
16- Nature morte aux fromages, amandes et bretzels - Clara Peeters XVIIe
67%
17- Kamseh, Shîrîn à son bain - Nezâmi Ganjavi XVIIe
67%
18- Colonnade dite de Perrault - Claude Perrault XVIIe / XVIIIe
67%
9- Abbaye Sainte-Marie de Souillac XIIe
58%
10- Rhinocéros d’or XIIIe
58%
11- Scène de rencontre d’Anne et Joachim à la porte Doré - Giotto XIVe
58%
12- La Danse Macabre XVe
58%
13- La Naissance de Vénus - Botticeli XVe
58%
19- L’Entrée du Grand Canal, avec Santa Maria della Salute et le canal de la Guidecca, vue de l’extrémité occidentale du Môle - Caneletto XVIIIe
58%
20- Marie-Antoinette et ses enfants - Vigée Le Brun XVIIIe
58%
34- No Belt - Marlène Dumas XXIe
58%
Aucun quiz correspondant
Distribution des résultats
% des personnes avec chaque résultat
Percentile par nombre de réponses
Votre historique - résultats
Vous n’avez pas pris ce quiz